| 000 | 00486nam a2200145 i 4500 | ||
|---|---|---|---|
| 001 | 73167 | ||
| 003 | ES-MaACL | ||
| 005 | 20230906171707.0 | ||
| 007 | t| | ||
| 008 | 040907s1906 sp ||||1| spa d | ||
| 100 | 1 |
_aGómez Redondo, Fernando. _958124 |
|
| 245 | 1 | 0 |
_aInforme forense pronunciado en la vista del crimen de Cigales el 6 de diciembre de 1906 en la Audiencia de Valladolid / _cFernando Gómez Redondo. |
| 260 |
_aValladolid : _b[s.n., _c1906] |
||
| 852 |
_aES-MaACL _jT-1094-F-2 |
||
| 999 |
_c73167 _d73167 |
||